Schaum's outline of theory and problems of fluid dynamics / (Record no. 544373)
[ view plain ]
| 000 -LEADER | |
|---|---|
| fixed length control field | 00968pam a2200253 a 4500 |
| 020 ## - INTERNATIONAL STANDARD BOOK NUMBER | |
| International Standard Book Number | 0070311102 |
| 020 ## - INTERNATIONAL STANDARD BOOK NUMBER | |
| International Standard Book Number | 007031117X |
| 082 00 - DEWEY DECIMAL CLASSIFICATION NUMBER | |
| Classification number | 532/.05 |
| Author Mark | HUG |
| -- | L-22, P-19 |
| 100 1# - MAIN ENTRY--PERSONAL NAME | |
| Personal name | Hughes, William F. |
| 9 (RLIN) | 39351 |
| 245 10 - TITLE STATEMENT | |
| Title | Schaum's outline of theory and problems of fluid dynamics / |
| Statement of responsibility, etc. | William F. Hughes, John A. Brighton. |
| 250 ## - EDITION STATEMENT | |
| Edition statement | 2nd ed. |
| 260 ## - PUBLICATION, DISTRIBUTION, ETC. | |
| Place of publication, distribution, etc. | New York : |
| Name of publisher, distributor, etc. | McGraw-Hill, |
| Date of publication, distribution, etc. | c1991. |
| 300 ## - PHYSICAL DESCRIPTION | |
| Extent | vii, 344 p. : |
| Other physical details | ill. ; |
| Dimensions | 28 cm. |
| 490 0# - SERIES STATEMENT | |
| Series statement | Schaum's outline series |
| 526 ## - STUDY PROGRAM INFORMATION NOTE | |
| Program name | 0 |
| Interest level | 0 |
| Reading level | 0 |
| Title point value | 532_050000000000000_HUG |
| 650 #0 - SUBJECT ADDED ENTRY--TOPICAL TERM | |
| Topical term or geographic name entry element | Fluid dynamics |
| General subdivision | Outlines, syllabi, etc. |
| 9 (RLIN) | 39986 |
| 650 #0 - SUBJECT ADDED ENTRY--TOPICAL TERM | |
| Topical term or geographic name entry element | Fluid dynamics |
| General subdivision | Problems, exercises, etc. |
| 9 (RLIN) | 39987 |
| 650 #0 - SUBJECT ADDED ENTRY--TOPICAL TERM | |
| Topical term or geographic name entry element | MCE |
| 9 (RLIN) | 379 |
| 700 1# - ADDED ENTRY--PERSONAL NAME | |
| Personal name | Brighton, John A. |
| 9 (RLIN) | 39988 |
| 856 41 - ELECTRONIC LOCATION AND ACCESS | |
| Uniform Resource Identifier | <a href="http://www.loc.gov/catdir/enhancements/fy0602/90034320-t.html">http://www.loc.gov/catdir/enhancements/fy0602/90034320-t.html</a> |
| 856 42 - ELECTRONIC LOCATION AND ACCESS | |
| Uniform Resource Identifier | <a href="http://www.loc.gov/catdir/enhancements/fy0602/90034320-b.html">http://www.loc.gov/catdir/enhancements/fy0602/90034320-b.html</a> |
| 856 42 - ELECTRONIC LOCATION AND ACCESS | |
| Uniform Resource Identifier | <a href="http://www.loc.gov/catdir/enhancements/fy0602/90034320-d.html">http://www.loc.gov/catdir/enhancements/fy0602/90034320-d.html</a> |
| 942 ## - ADDED ENTRY ELEMENTS (KOHA) | |
| Source of classification or shelving scheme | |
| Koha item type | Book |
| Withdrawn status | Lost status | Source of classification or shelving scheme | Damaged status | Not for loan | Permanent Location | Current Location | Date acquired | Total Checkouts | Full call number | Barcode | Date last seen | Price effective from | Koha item type |
|---|---|---|---|---|---|---|---|---|---|---|---|---|---|
| Military College of Engineering (MCE) | Military College of Engineering (MCE) | 04/17/2014 | 532/.05 HUG | MCE-9724 | 04/17/2014 | 04/17/2014 | Book |
